Business organization and the myth of the market economy

Αποθηκεύτηκε σε:
Λεπτομέρειες βιβλιογραφικής εγγραφής
Κύριος συγγραφέας: Lazonick, William
Μορφή: Βιβλίο
Γλώσσα:English
Δημοσίευση: New York : Cambridge, 1993.
Θέματα:
Ετικέτες: Προσθήκη ετικέτας
Δεν υπάρχουν, Καταχωρήστε ετικέτα πρώτοι!

MARC

LEADER 00000cam a2200000 i 4500
001 1/39361
008 960124s1993 nyu| ||| |||| ||eng||
020 |a 0521447887 
035 |l 10025029 
040 |a GR-MyUA  |b gre  |e AACR2 
041 0 |a eng 
082 0 |a 330.122 
100 1 |a Lazonick, William. 
245 1 0 |a Business organization and the myth of the market economy /   |c William Lazonick.  
260 |a New York :   |b Cambridge,   |c 1993.  
300 |a 372 σ.  
504 |a Περιέχει ευρετήριο.  
650 0 0 |a Free enterprise  |x History  |y 20th century. 
650 0 0 |a Capitalism  |x History  |y 20th century. 
650 0 0 |a Economics  |x History  |y 20th century. 
767 0 8 |i Μεταφρασμένο ως:   |t Η οργάνωση των επιχειρήσεων και ο μύθος της οικονομίας της αγοράς /  
852 |a INST  |b CHIOS  |e 19960124  |h 330.122 LAZ  |p 005200001702  |q 005200001702  |t BK  |y 4  |x 20120518 
909 |a Χ  |b 040287